| 000 | 00643cam a2200229 4500500 | ||
|---|---|---|---|
| 005 | 20260329001241.0 | ||
| 041 | _afre | ||
| 042 | _adc | ||
| 100 | 1 | 0 |
_aBaggini, Julian _eauthor |
| 245 | 0 | 0 | _aPeut-on se justifier moralement de financer une guerre ? |
| 260 | _c2023. | ||
| 500 | _a97 | ||
| 690 | _aDécision | ||
| 690 | _aDiscernement | ||
| 690 | _aEntreprise | ||
| 690 | _aÉthique | ||
| 690 | _aPolitique | ||
| 690 | _aRéputation | ||
| 690 | _aStratégie | ||
| 786 | 0 | _nPhilonomist | - | 3 | 2023-02-21 | p. 64-70 | |
| 856 | 4 | 1 | _uhttps://shs.cairn.info/magazine-philonomist-2023-3-page-64?lang=fr&redirect-ssocas=7080 |
| 999 |
_c1803526 _d1803526 |
||